Statistics for All Countries Ever in North America

Click here to take the quiz!

General Stats

  • This quiz has been taken 1,092 times
    (463 since last reset)
  • The average score is 26 of 43

Answer Stats

DepartureCountry% Correct
-United States
94%
-Canada
90%
-Mexico
89%
-United Kingdom
85%
-France
84%
1898Spain
81%
-Cuba
79%
-Haiti
79%
-Panama
78%
-Guatemala
77%
-Costa Rica
75%
-Dominica
75%
-El Salvador
75%
-Belize
74%
-Dominican Republic
74%
-Nicaragua
74%
-Honduras
73%
-Netherlands
72%
-Bahamas
71%
-Jamaica
71%
-Saint Kitts and Nevis
70%
-Saint Lucia
70%
-Antigua and Barbuda
69%
1867Russia
69%
-Barbados
68%
-Saint Vincent and the
Grenadines
68%
-Denmark
66%
-Grenada
65%
1878Sweden
63%
-Trinidad and Tobago
63%
1814Norway
56%
-Colombia
51%
1845Texas
48%
-Venezuela
40%
1791Vermont
30%
1690Courland and Semigallia
(Poland-Lithuania)
24%
1949Newfoundland
24%
1632Scotland
20%
1898Federal Republic of
Central America
15%
1693Brandenburg-Prussia
9%
1665Knights of Malta
(Sicily)
9%
1848Yucatán
5%
1849Los Altos
2%

Score Distribution

Percentile by Number Answered

Percent of People with Each Score

Your Score History

You have not taken this quiz since the last reset